MARC details
| 000 -LEADER |
| fixed length control field |
01449cam a2200349 a 4500 |
| 001 - CONTROL NUMBER |
| control field |
4336 |
| 003 - CONTROL NUMBER IDENTIFIER |
| control field |
BD-DhEWU |
| 005 - DATE AND TIME OF LATEST TRANSACTION |
| control field |
20140721131504.0 |
| 008 - FIXED-LENGTH DATA ELEMENTS--GENERAL INFORMATION |
| fixed length control field |
021003s2003 maua g b 001 0 eng d |
| 020 ## - INTERNATIONAL STANDARD BOOK NUMBER |
| International Standard Book Number |
1840645679 (set) |
|
| International Standard Book Number |
9781840645675 |
| 035 ## - SYSTEM CONTROL NUMBER |
| System control number |
(OCoLC)50803320 |
| 040 ## - CATALOGING SOURCE |
| Original cataloging agency |
DLC |
| Transcribing agency |
DLC |
| Modifying agency |
DLC |
| -- |
BD-DhEWU |
| Language of cataloging |
eng |
| 041 ## - LANGUAGE CODE |
| Language code of text/sound track or separate title |
eng |
| 050 00 - LIBRARY OF CONGRESS CALL NUMBER |
| Classification number |
HB523 |
| Item number |
.E367 2003 |
| 082 04 - DEWEY DECIMAL CLASSIFICATION NUMBER |
| Classification number |
339.22 |
| Item number |
ECO 2003 |
| 245 04 - TITLE STATEMENT |
| Title |
The economics of poverty and inequality / |
| Statement of responsibility, etc |
edited by Frank A. Cowell. |
| 260 ## - PUBLICATION, DISTRIBUTION, ETC. (IMPRINT) |
| Place of publication, distribution, etc |
Northhampton, MA : |
| Name of publisher, distributor, etc |
Edward Elgar Pub., |
| Date of publication, distribution, etc |
2003. |
| 300 ## - PHYSICAL DESCRIPTION |
| Extent |
2 v. : |
| Other physical details |
ill. ; |
| Dimensions |
25 cm. |
| 440 #4 - SERIES STATEMENT/ADDED ENTRY--TITLE |
| Title |
The international library of critical writings in economics ; |
| Volume number/sequential designation |
158 |
| 9 (RLIN) |
16106 |
| 504 ## - BIBLIOGRAPHY, ETC. NOTE |
| Bibliography, etc |
Includes bibliographical references and index. |
| 520 ## - SUMMARY, ETC. |
| Summary, etc |
This two-volume collection focuses on the economics of distributional equity and the way general criteria for comparisons of income distribution can be used to inform the analysis of inequality and poverty. |
| 526 ## - STUDY PROGRAM INFORMATION NOTE |
| Program name |
Economics |
| 590 ## - LOCAL NOTE (RLIN) |
| Local note |
Sagar Shahanawaz |
| 650 #0 - SUBJECT ADDED ENTRY--TOPICAL TERM |
| Topical term or geographic name as entry element |
Income distribution |
| General subdivision |
Mathematical models. |
| 9 (RLIN) |
16291 |
|
| Topical term or geographic name as entry element |
Poverty |
| General subdivision |
Mathematical models. |
| 9 (RLIN) |
16292 |
|
| Topical term or geographic name as entry element |
Welfare economics |
| General subdivision |
Mathematical models. |
| 9 (RLIN) |
16293 |
| 700 1# - ADDED ENTRY--PERSONAL NAME |
| Personal name |
Cowell, Frank A. |
| Fuller form of name |
(Frank Alan) |
| 9 (RLIN) |
16294 |
| 856 ## - ELECTRONIC LOCATION AND ACCESS |
| Materials specified |
WorldCat details |
| Uniform Resource Identifier |
https://www.worldcat.org/title/economics-of-poverty-and-inequality/oclc/50803320&referer=brief_results |
| 942 ## - ADDED ENTRY ELEMENTS (KOHA) |
| Source of classification or shelving scheme |
Dewey Decimal Classification |
| Koha item type |
Text |